Privacy And Big Data (Record no. 332061)

MARC details
000 -LEADER
fixed length control field 00447nam a2200169Ia 4500
008 - FIXED-LENGTH DATA ELEMENTS--GENERAL INFORMATION
fixed length control field 230718s9999 xx 000 0 und d
020 ## - INTERNATIONAL STANDARD BOOK NUMBER
International Standard Book Number 9789351100089
041 ## - LANGUAGE CODE
Language code of text/sound track or separate title eng
082 ## - DEWEY DECIMAL CLASSIFICATION NUMBER
Classification number 005.678
Item number CRA
100 ## - MAIN ENTRY--PERSONAL NAME
Personal name Craig T.
9 (RLIN) 118249
245 ## - TITLE STATEMENT
Title Privacy And Big Data
260 ## - PUBLICATION, DISTRIBUTION, ETC. (IMPRINT)
Date of publication, distribution, etc. 2013
Name of publisher, distributor, etc. O'Reilly
300 ## - PHYSICAL DESCRIPTION
Extent 91
365 ## - TRADE PRICE
Currency code Rs.
Price amount 200.00
700 ## - ADDED ENTRY--PERSONAL NAME
Personal name Craig T. & Ludloff M.E.
9 (RLIN) 194358
906 ## - LOCAL DATA ELEMENT F, LDF (RLIN)
d O:0328306-Mar-2013B:267821-Feb-2013
c COMP
b 44
Holdings
Withdrawn status Lost status Damaged status Not for loan Home library Current library Date acquired Vendor Budget Code Cost, normal purchase price Bill number Total Checkouts Full call number Barcode Date last seen Discount Cost, replacement price Bill Date Koha item type Original Barcode
        Cummins College of Engineering for Women Pune Cummins College of Engineering for Women Pune 06/03/2013 Technical Book Services COMP 156.00 2678   005.678 CCEP-BK-43268 18/07/2023 44 200.00 21/02/2013 Books 043268